000 00430nam a2200133Ia 4500
008 191111s9999 xx 000 0 und d
020 _a9789719809500
100 _aRabe-Aranda, Maria Rosario.
245 _cMaria Rosario Rabe-Aranda.--
_aEnglish for tourism and hospitality industry /
260 _aQuezon City :
_bC & E Publishing, Inc.
_c2018
300 _avii, 134 pages.
650 _aHospitality industry
650 _aTourism
999 _c362577
_d362577